Filipino Brands Logo Quiz #3 - Statistics

General Stats
  • This quiz has been taken 259 times
  • The average score is 11 of 16
Answer Stats
Picture Answer % Correct
Shakey's
90%
UFC
90%
Greenwich
88%
Lucky Me!
88%
Red Ribbon
87%
Chooks
83%
Kenny Rogers Roasters
82%
Kopiko
79%
Yellow Cab Pizza Company
78%
Touch Mobile
72%
Pickup Coffee
61%
Sun Cellular
58%
Bo's Coffee
55%
Fully Booked
29%
Decathlon
25%
The Face Shop
15%
No matching quizzes found
Score Distribution
Percent of People with Each Score
Percentile by Number Answered
Your Score History
You have not taken this quiz